Refrigeration engineering; (Record no. 545904)

000 -LEADER
fixed length control field 00895cam a22001811 4500
082 00 - DEWEY DECIMAL CLASSIFICATION NUMBER
Classification number 621.56
Author Mark PRI
-- L-8, P-26
100 1# - MAIN ENTRY--PERSONAL NAME
Personal name Prilut︠s︡kiĭ, D. N.
9 (RLIN) 41885
245 10 - TITLE STATEMENT
Title Refrigeration engineering;
Remainder of title a source book of Soviet literature, 1923-1955.
260 ## - PUBLICATION, DISTRIBUTION, ETC.
Place of publication, distribution, etc. Moscow,
Name of publisher, distributor, etc. State Publishing House for Books on Trade,
Date of publication, distribution, etc. 1956
Place of publication, distribution, etc. [i.e. Jerusalem,
Name of publisher, distributor, etc. Israel Program for Scientific Translations,
Date of publication, distribution, etc. 1960; available from the Office of Technical Services, U.S. Dept. of Commerce, Washington]
300 ## - PHYSICAL DESCRIPTION
Extent 288 p.
Dimensions 25 cm.
500 ## - GENERAL NOTE
General note Added t.p. in Russian.
500 ## - GENERAL NOTE
General note At head of title: Ministry of Commerce, USSR, and other agencies.
500 ## - GENERAL NOTE
General note Translation of [Bibliograficheskiĭ spravochnik po voprosam kholodilʹnoĭ tekhniki]
526 ## - STUDY PROGRAM INFORMATION NOTE
Program name 0
Interest level 0
Reading level 0
Title point value 621_560000000000000_PRI
650 #0 - SUBJECT ADDED ENTRY--TOPICAL TERM
Topical term or geographic name entry element MCE
9 (RLIN) 379
650 #0 - SUBJECT ADDED ENTRY--TOPICAL TERM
Topical term or geographic name entry element Refrigeration and refrigerating machinery
General subdivision Bibliography.
9 (RLIN) 41886
942 ## - ADDED ENTRY ELEMENTS (KOHA)
Source of classification or shelving scheme
Koha item type Book
Holdings
Withdrawn status Lost status Source of classification or shelving scheme Damaged status Not for loan Permanent Location Current Location Date acquired Total Checkouts Full call number Barcode Date last seen Price effective from Koha item type
          Military College of Engineering (MCE) Military College of Engineering (MCE) 05/29/2014   621.56 PRI MCE-3427 05/29/2014 05/29/2014 Book
© 2023 Central Library, National University of Sciences and Technology. All Rights Reserved.